Zhong gong de si fa gai ge / (Record no. 91673)

MARC details
000 -LEADER
fixed length control field 01008cam a22003134 4500
001 - CONTROL NUMBER
control field unk85042365
003 - CONTROL NUMBER IDENTIFIER
control field DLC
005 - DATE AND TIME OF LATEST TRANSACTION
control field 20260227112803.0
008 - FIXED-LENGTH DATA ELEMENTS--GENERAL INFORMATION
fixed length control field 851011s1953 xx 000 0 chi
010 ## - LIBRARY OF CONGRESS CONTROL NUMBER
LC control number unk85042365
Canceled/invalid LC control number 2009434285
040 ## - CATALOGING SOURCE
Original cataloging agency DLC
Transcribing agency CarP
Modifying agency DLC
043 ## - GEOGRAPHIC AREA CODE
Geographic area code a-cc---
050 00 - LIBRARY OF CONGRESS CALL NUMBER
Classification number KNQ1572
Item number .C4675 1953
100 1# - MAIN ENTRY--PERSONAL NAME
Linkage 880-01
Personal name Chen, Shufang.
245 10 - TITLE STATEMENT
Linkage 880-02
Title Zhong gong de si fa gai ge /
Statement of responsibility, etc. Chen Shufang zhu.
250 ## - EDITION STATEMENT
Linkage 880-03
Edition statement Chu ban.
260 ## - PUBLICATION, DISTRIBUTION, ETC.
Linkage 880-04
Place of publication, distribution, etc. Jiulong :
Name of publisher, distributor, etc. You lian chu ban she,
Date of publication, distribution, etc. 1953.
300 ## - PHYSICAL DESCRIPTION
Extent 75 p. ;
Dimensions 19 cm.
440 #0 - SERIES STATEMENT/ADDED ENTRY--TITLE
Linkage 880-05
Title Zhong gong wen di yan jiu cong shu
500 ## - GENERAL NOTE
General note Romanized.
500 ## - GENERAL NOTE
General note ctl: lan-chi
650 #0 - SUBJECT ADDED ENTRY--TOPICAL TERM
Topical term or geographic name entry element Justice, Administration of
Geographic subdivision China.
650 #0 - SUBJECT ADDED ENTRY--TOPICAL TERM
Topical term or geographic name entry element Law
Geographic subdivision China
General subdivision History.
880 1# - ALTERNATE GRAPHIC REPRESENTATION
Linkage 100-01/$1
a 陳叔方.
880 10 - ALTERNATE GRAPHIC REPRESENTATION
Linkage 245-02/$1
a 中共的司法改革 /
c 陳叔方著.
880 ## - ALTERNATE GRAPHIC REPRESENTATION
Linkage 250-03/$1
a 初版.
880 ## - ALTERNATE GRAPHIC REPRESENTATION
Linkage 260-04/$1
a 九龍 :
b 友聯出版社,
c 1953.
880 #0 - ALTERNATE GRAPHIC REPRESENTATION
Linkage 440-05/$1
a 中共問題硏究叢書

No items available.

Powered by Koha